| 000 | 02205njm a2200289 a 4500 | ||
|---|---|---|---|
| 003 | BLK | ||
| 005 | 20250301005541.0 | ||
| 008 | 180413b bul||n|| |||||||| n|bulo| | ||
| 028 | _a820794 | ||
| 040 | _aBLK | ||
| 041 |
_aDEU _cDEU |
||
| 080 |
_aВариации. Прелюдии. Интермецо. Фуги _b78.083.2 _x(086.72) _z78.083.2(086.72) |
||
| 100 |
_9494832 _aForest, Jean Forest |
||
| 245 |
_aDie Blumen von Hiroshima _cGünter Kochan ; _bOpernquerschnitt |
||
| 257 | _aDEU | ||
| 260 |
_aBerlin _bDeutsche Schallplatten _c1968 _9215027 |
||
| 300 |
_a1 грамофонна плоча, двустранна _b33 o/min, stereo _c30 см |
||
| 380 | _a7 | ||
| 490 |
_aEterna _9493861 |
||
| 490 |
_9494075 _aUnsere neue Musik _v31 |
||
| 500 | _a Introduktion A2 Der Junger Amerikaner A3 Du Weißt Es, Yuka A4 Das Zarte Licht Des Silbermondes A5 Warum Seufzen Sie? A6 Liebster, Wie Blaß Du Immer Bist 2. Bild A7 Warenhaus-Musik Und Ariette Des Bäuerleins 3. Bild A8 Meine Glocke! Horch, Ältere Schwester! B1 Guten Abend B2 Sehr Erfreut, Geehrten Gast Meiner Freunde Kennen Zu Lernen B3 Aber Es Gibt Noch Anderes In Der Welt 4. Bild B4 Das Also War Es B5 Glücklich, Geehrten Gast Beim Frühlingsfest Begrüßen Zu Können B6 Welche Wonne, Wie Schön B7 Kendo 5. Bild B8 Wie Lange Bin Ich Nicht Mehr So Gerannt, Yuka B9 Kleines, Buntes Blütenblatt | ||
| 511 | _a Baritone Vocals [Bass Baritone Vocals; Maeda] – Werner Haseleu Baritone Vocals [Fumio, Yukas Gatte] – Johannes Prkno Baritone Vocals [Sam, Ein Junger Amerikaner] – Peter Wieland Composed By, Conductor – Jean Kurt Forest Design – Werner Klemke Design [Typografische Gestaltung] – Detlef Mann Libretto By – Edita Morris Orchestra – Estraden-Orchester Des Deutschlandsenders* Soprano Vocals [Ohatsu, Yukas Schwester] – Rosemarie Rönisch Soprano Vocals [Yuka] – Christa Schrödter Supervised By [Redaktion] – Erika Krökel Tenor Vocals [Bäuerlein] – Lajos Pasztor | ||
| 700 | 1 |
_918531 _aMeyer, Ernst Hermann |
|
| 852 |
_aФ ІІ 1065 _bО |
||
| 942 |
_cGPL _n0 |
||
| 944 |
_cВиолета Тройчева _k _lCRON CRON _a30552 |
||
| 999 |
_c517688 _d517688 |
||